01654nab a22002657a 4500999001500000003000400015005001700019008004100036040000700077110008400084245025000168260007300418300001300491500003800504505039900542505008200941650003101023650002301054650003401077650003301111650001701144650005401161773016001215942001301375 c5594d5594OSt20251219174835.0190429b xxu||||| |||| 00| 0 spa d cPJ 96573aEquipo técnico de la Red Intercambio Técnico de la Economía Popular10aLa insignificancia de la acción penal frente a las tensiones entre la protección de las marcas y la venta ambulante de indumentaria apócrifa en América Latina / cEquipo técnico de la Red Intercambio Técnico de la Economía Popular. cCiudad Autónoma de Buenos Aires :aThomson Reuters La Ley, b2025. ap. 17-25 a Cita: TR LALEY AR/DOC/2842/2025. a Sumario: I. Resumen.— II. Introducción.— III. Argumentos jurídicos dominantes.— IV. En defensa de la racionalidad, proporcionalidad e insignificancia.— V. Análisis del comportamiento social ante la sensación de pertenencia y exclusión que generan las marcas.— VI. Aproximaciones sobre el estado de situación de la región.— VII. Conclusión.— VIII. Bibliografía.  tSi te interesa el texto completo, solicitalo a koha@justierradelfuego.gov.ar  096327aDERECHO DE PROPIEDAD 09343aDERECHO PENAL 092608aDERECHOS DEL CONSUMIDOR 092758aASOCIACIÓN ILÍCITA 093956aMARCAS 095945aFALSIFICACIÓN DE SELLOS, TIMBRES Y MARCAS0 0265893164tRevista de derecho penal y criminología. Nº 11 - Diciembre 2025dCiudad Autónoma de Buenos Aires : Thomson Reuters La Ley, 2017-x00347914 2udccANA